The man in the iron mask : (Record no. 174621)
[ view plain ]
| 000 -LEADER | |
|---|---|
| fixed length control field | 01494cam a22003614a 4500 |
| 001 - CONTROL NUMBER | |
| control field | 12439080 |
| 003 - CONTROL NUMBER IDENTIFIER | |
| control field | Nust |
| 005 - DATE AND TIME OF LATEST TRANSACTION | |
| control field | 20170203122743.0 |
| 008 - FIXED-LENGTH DATA ELEMENTS--GENERAL INFORMATION | |
| fixed length control field | 010612s2001 maua b 000 0 eng |
| 010 ## - LIBRARY OF CONGRESS CONTROL NUMBER | |
| LC control number | 2001092333 |
| 020 ## - INTERNATIONAL STANDARD BOOK NUMBER | |
| International Standard Book Number | 9781840224351 |
| 040 ## - CATALOGING SOURCE | |
| Original cataloging agency | DLC |
| Transcribing agency | DLC |
| Modifying agency | DLC |
| 041 1# - LANGUAGE CODE | |
| Language code of text/sound track or separate title | eng |
| Language code of original | fre |
| 042 ## - AUTHENTICATION CODE | |
| Authentication code | pcc |
| 043 ## - GEOGRAPHIC AREA CODE | |
| Geographic area code | e-fr--- |
| 050 00 - LIBRARY OF CONGRESS CALL NUMBER | |
| Classification number | PQ2227 |
| Item number | .H6913 2001 |
| 082 00 - DEWEY DECIMAL CLASSIFICATION NUMBER | |
| Classification number | 842.7 |
| Author Mark | DUM |
| 100 1# - MAIN ENTRY--PERSONAL NAME | |
| Personal name | Dumas, Alexandre, |
| Dates associated with a name | 1802-1870. |
| 240 10 - UNIFORM TITLE | |
| Uniform title | Homme au masque de fer. |
| Language of a work | English |
| 245 14 - TITLE STATEMENT | |
| Title | The man in the iron mask : |
| Remainder of title | a drama in five acts / |
| Statement of responsibility, etc. | by Alexandre Dumas, Narcisse Fournier, and Auguste Arnould ; translated by Frank J. Morlock. |
| 260 ## - PUBLICATION, DISTRIBUTION, ETC. | |
| Place of publication, distribution, etc. | Natick, MA : |
| Name of publisher, distributor, etc. | Rogue Publishing, |
| Date of publication, distribution, etc. | 2002. |
| 300 ## - PHYSICAL DESCRIPTION | |
| Extent | viii, 632 p. : |
| Dimensions | 21 cm. |
| 500 ## - GENERAL NOTE | |
| General note | Also contains translated text of: Celebrated crimes : The man in the iron mask. |
| 504 ## - BIBLIOGRAPHY, ETC. NOTE | |
| Bibliography, etc. note | Includes bibliographical references. |
| 600 00 - SUBJECT ADDED ENTRY--PERSONAL NAME | |
| Personal name | Man in the Iron Mask |
| Form subdivision | Drama. |
| 651 #0 - SUBJECT ADDED ENTRY--GEOGRAPHIC NAME | |
| Geographic name | France |
| General subdivision | History |
| Chronological subdivision | Louis XIV, 1643-1715 |
| Form subdivision | Drama. |
| 700 1# - ADDED ENTRY--PERSONAL NAME | |
| Personal name | Fournier, N. |
| Fuller form of name | (Narcisse), |
| Dates associated with a name | 1803-1880. |
| 700 1# - ADDED ENTRY--PERSONAL NAME | |
| Personal name | Arnould, |
| Titles and other words associated with a name | M. |
| Fuller form of name | (Auguste Jean François), |
| Dates associated with a name | 1803-1854. |
| 700 1# - ADDED ENTRY--PERSONAL NAME | |
| Personal name | Morlock, Frank J. |
| 700 12 - ADDED ENTRY--PERSONAL NAME | |
| Personal name | Dumas, Alexandre, |
| Dates associated with a name | 1802-1870. |
| Title of a work | Crimes célèbres. |
| Form subheading | Selections. |
| Language of a work | English. |
| 740 02 - ADDED ENTRY--UNCONTROLLED RELATED/ANALYTICAL TITLE | |
| Uncontrolled related/analytical title | Celebrated crimes. |
| 906 ## - LOCAL DATA ELEMENT F, LDF (RLIN) | |
| a | 7 |
| b | cbc |
| c | orignew |
| d | 3 |
| e | epcn |
| f | 20 |
| g | y-gencatlg |
| 942 ## - ADDED ENTRY ELEMENTS (KOHA) | |
| Source of classification or shelving scheme | |
| Koha item type | Book |
| Withdrawn status | Lost status | Source of classification or shelving scheme | Damaged status | Not for loan | Collection code | Permanent Location | Current Location | Shelving location | Date acquired | Total Checkouts | Full call number | Barcode | Date last seen | Copy number | Price effective from | Koha item type |
|---|---|---|---|---|---|---|---|---|---|---|---|---|---|---|---|---|
| Central Library (CL) | Central Library (CL) | Fiction | 02/03/2017 | 842.7 DUM | CL1332 | 04/20/2021 | 1 | 02/03/2017 | Book |
